Sharirkriyashastra V Sharirrachanashastra (Record no. 155759)

MARC details
000 -LEADER
fixed length control field 00316nam a2200121Ia 4500
008 - FIXED-LENGTH DATA ELEMENTS--GENERAL INFORMATION
fixed length control field 230411s9999 xx 000 0 und d
041 ## - LANGUAGE CODE
Language code of text/sound track or separate title eng
082 ## - DEWEY DECIMAL CLASSIFICATION NUMBER
Classification number AN/611/JOS/B05236
100 ## - MAIN ENTRY--PERSONAL NAME
Personal name Joshi V
9 (RLIN) 112973
245 ## - TITLE STATEMENT
Title Sharirkriyashastra V Sharirrachanashastra
260 ## - PUBLICATION, DISTRIBUTION, ETC. (IMPRINT)
Place of publication, distribution, etc. Mumbai
Date of publication, distribution, etc. 2003
Holdings
Withdrawn status Lost status Damaged status Not for loan Collection code Home library Current library Date acquired Vendor Cost, normal purchase price Bill number Total Checkouts Full call number Barcode Date last seen Cost, replacement price Bill Date Koha item type Original Barcode
          Smt. Bakul Tambat Institute of Nursing Education Smt. Bakul Tambat Institute of Nursing Education 16/12/2008 B.J.Medical Co-oprative College Stores 100.00 8356   AN 611 JOS B05236 BTIN-BK-5236 11/04/2023 75.00 26/11/2004 Books B05236